Manual de pruebas para generadores sincrónicos

Guardat en:
Dades bibliogràfiques
Autor principal: Rojas Prado, Orlando
Format: Llibre
Publicat: [San José, Costa Rica] 1995
Matèries:
Etiquetes: Afegir etiqueta
Sense etiquetes, Sigues el primer a etiquetar aquest registre!

MARC

LEADER 00000nam a2200000Ia 4500
003 007782
005 20221231144251.0
008 140114s1995 cr a m 000 ||s d
040 |c cru CEDI 
090 |a TFG 3356 
100 |a Rojas Prado, Orlando  |9 8269 
245 |a Manual de pruebas para generadores sincrónicos 
260 |c 1995  |a  [San José, Costa Rica] 
300 |a  x, 84 páginas : ilustraciones  
500 |a  Proyecto de graduación (bachillerato en ingeniería eléctrica)-- Universidad de Costa Rica. Facultad de Ingeniería. Escuela de Ingeniería Eléctrica 
650 |x CENTRALES HIDROELECTRICAS - MANTENIMIENTO Y REPARACION - COSTA RICA - MANUALES.   |x DINAMOS  |9 10610 
942 |c TFG 
999 |c 19334  |d 19334